Educación peruana: hacia un nuevo rumbo
Gespeichert in:
| Format: | Buch |
|---|---|
| Sprache: | Spanisch |
| Veröffentlicht: |
Lima
Foro Educativo
1995
|
| Schlagworte: | |
| Tags: |
Tag hinzufügen
Keine Tags, Fügen Sie den ersten Tag hinzu!
|
MARC
| LEADER | 00000nam a2200000 a 4500 | ||
|---|---|---|---|
| 001 | UCU4544 | ||
| 003 | CL-VaPUC | ||
| 005 | 20240917113310.0 | ||
| 008 | 960524e19950000pe 1 spa d | ||
| 082 | 0 | 4 | |a 370.985 |b EDU |2 21 |
| 245 | 1 | 0 | |a Educación peruana: hacia un nuevo rumbo |
| 260 | |a Lima |b Foro Educativo |c 1995 | ||
| 300 | |a 39 p | ||
| 583 | |a last modification |c 19960524 00:00:00 |k Rodrigo Vera | ||
| 650 | 0 | 0 | |a Educación |9 258661 |
| 650 | 0 | 7 | |a DESARROLLO DE LA EDUCACION |2 CL-VaPUC |9 617753 |
| 650 | 0 | 0 | |a Sistemas educacionales |9 324695 |
| 650 | 0 | 0 | |a Calidad de la educación |9 307271 |
| 650 | 0 | 7 | |a PROYECTOS EDUCACIONALES |2 CL-VaPUC |9 617754 |
| 650 | 0 | 0 | |a Congresos |9 257560 |
| 651 | 0 | |a Perú |9 256567 | |
| 651 | 0 | |a América Latina |9 255027 | |
| 942 | |c BK | ||
| 945 | |a rleighto |d 19960524 00:00:00 | ||
| 546 | |a En Español | ||
| 518 | |p Seminario Nacional, 3, Lima, 1995 | ||
| 999 | |c 382619 |d 382617 | ||
| 952 | |0 0 |1 0 |4 0 |6 370_985000000000000_EDU_1995 |7 0 |8 P |9 504410 |a BIBEDU |b BIBEDU |c BIBEDU_PB |d 2020-01-23 |i 3204227 |o 370.985 EDU 1995 |p 3204227 |r 2024-01-25 |w 2020-01-23 |y BK |k EDU | ||